Románok és nem románok. Törvényalkotás, hétköznapi valóság és mentalitás a két világháború között

Elmentve itt :
Bibliográfiai részletek
Szerző: MAJURU Adrian
Adatforrás:Meister
Forrásdokumentuma:A Hét. -
35 sz., 1999, 10 p.
Nyelv:magyar
Kulcsszavak:politikatörténet
politikai intézmények
román alkotmány (1923)
kisebbség & többség
román alkotmány, 1938
magyar-román kapcsolatok
románok
kisebbségi kérdés
erdélyi románok
Erdély, 1920-1939
Románia
Erdély
CIATO Aurel
MANIU Iuliu
KÁROLY II. (román király)
AVERESCU Alexandru
Népi Liga (LP)
Néppárt (PP)
Kormányzótanács (Consiliul Dirigent)
LEADER 01046nab a2200337 i 4500
001 bibPRO00008009
008 060524s1999 xx hun
040 |a Sz1 
041 |a hun 
100 1 |a MAJURU Adrian 
245 1 0 |a Románok és nem románok. Törvényalkotás, hétköznapi valóság és mentalitás a két világháború között  |c MAJURU Adrian 
695 |a politikatörténet 
695 |a politikai intézmények 
695 |a román alkotmány (1923) 
695 |a kisebbség & többség 
695 |a román alkotmány, 1938 
695 |a magyar-román kapcsolatok 
695 |a románok 
695 |a kisebbségi kérdés 
695 |a erdélyi románok 
695 |a Erdély, 1920-1939 
695 |a Románia 
695 |a Erdély 
695 |a CIATO Aurel 
695 |a MANIU Iuliu 
695 |a KÁROLY II. (román király) 
695 |a AVERESCU Alexandru 
695 |a Népi Liga (LP) 
695 |a Néppárt (PP) 
695 |a Kormányzótanács (Consiliul Dirigent) 
773 0 |t A Hét. -  |g 35 sz., 1999, 10 p.